[Event "DVM U20 2023"]
[Site "Magdeburg GER"]
[Date "2023.12.29"]
[Round "5"]
[White "Suvorov, Alexander"]
[Black "Reimer, Philip"]
[Result "1-0"]
[Termination "normal"]
[Board "1.1"]
[WhiteTitle "FM"]
[WhiteElo "2334"]
[BlackElo "2152"]
[WhiteClock "00:00:56"]
[BlackClock "00:00:50"]
[WhiteTeam "SG Porz"]
[BlackTeam "SK Lehrte 1919"]
[PlyCount "81"]
[WhiteFideId "12977063"]
[BlackFideId "16235860"]
[EventCountry "GER"]
[EventRounds "7"]
[EventType "team-swiss"]
[EventDate "2023.12.26"]

1. d4 {[%clk 01:30:57]} {[%emt 00:00:02]} Nf6 {[%clk 01:30:53]} {[%emt
00:00:06]} 2. Bg5 {[%clk 01:31:20]} {[%emt 00:00:07]} d5 {[%clk 01:30:21]}
{[%emt 00:01:02]} 3. Bxf6 {[%clk 01:31:25]} {[%emt 00:00:24]} gxf6 {[%clk
01:30:32]} {[%emt 00:00:19]} 4. e3 {[%clk 01:31:31]} {[%emt 00:00:24]} c5
{[%clk 01:30:48]} {[%emt 00:00:15]} 5. dxc5 {[%clk 01:31:20]} {[%emt 00:00:40]}
Nc6 {[%clk 01:26:32]} {[%emt 00:04:46]} 6. Nd2 {[%clk 01:29:58]} {[%emt
00:01:53]} e6 {[%clk 01:24:32]} {[%emt 00:02:29]} 7. Nb3 {[%clk 01:29:12]}
{[%emt 00:01:16]} a5 {[%clk 01:15:14]} {[%emt 00:09:48]} 8. a4 {[%clk
01:28:05]} {[%emt 00:01:39]} Bd7 {[%clk 01:14:52]} {[%emt 00:00:51]} 9. Nf3
{[%clk 01:14:53]} {[%emt 00:13:42]} f5 {[%clk 01:14:14]} {[%emt 00:01:09]} 10.
Bb5 {[%clk 01:11:23]} {[%emt 00:03:59]} Bg7 {[%clk 01:13:30]} {[%emt 00:01:13]}
11. c3 {[%clk 01:10:40]} {[%emt 00:01:15]} Qe7 {[%clk 01:05:10]} {[%emt
00:08:50]} 12. O-O {[%clk 01:07:42]} {[%emt 00:03:26]} O-O {[%clk 01:04:09]}
{[%emt 00:01:32]} 13. Qe2 {[%clk 01:03:52]} {[%emt 00:04:21]} e5 {[%clk
00:51:47]} {[%emt 00:12:52]} 14. Rfd1 {[%clk 00:53:40]} {[%emt 00:10:41]} Be6
{[%clk 00:50:58]} {[%emt 00:01:20]} 15. c4 {[%clk 00:51:51]} {[%emt 00:02:19]}
dxc4 {[%clk 00:40:44]} {[%emt 00:10:44]} 16. Bxc4 {[%clk 00:51:42]} {[%emt
00:00:38]} Bxc4 {[%clk 00:36:19]} {[%emt 00:04:55]} 17. Qxc4 {[%clk 00:51:55]}
{[%emt 00:00:17]} e4 {[%clk 00:14:28]} {[%emt 00:22:21]} 18. Nfd4 {[%clk
00:51:41]} {[%emt 00:00:43]} Qg5 {[%clk 00:13:24]} {[%emt 00:01:36]} 19. Nxc6
{[%clk 00:30:32]} {[%emt 00:21:37]} bxc6 {[%clk 00:13:47]} {[%emt 00:00:08]}
20. Nd4 {[%clk 00:30:29]} {[%emt 00:00:33]} f4 {[%clk 00:07:36]} {[%emt
00:06:41]} 21. exf4 {[%clk 00:28:15]} {[%emt 00:02:44]} Qxf4 {[%clk 00:07:57]}
{[%emt 00:00:09]} 22. Nxc6 {[%clk 00:28:23]} {[%emt 00:00:21]} Rae8 {[%clk
00:08:09]} {[%emt 00:00:19]} 23. Nxa5 {[%clk 00:22:07]} {[%emt 00:06:46]} Re6
{[%clk 00:01:32]} {[%emt 00:07:06]} 24. Rd6 {[%clk 00:08:04]} {[%emt 00:14:33]}
Re5 {[%clk 00:02:01]} {[%emt 00:00:02]} 25. Nc6 {[%clk 00:06:52]} {[%emt
00:01:42]} Rh5 {[%clk 00:01:52]} {[%emt 00:00:38]} 26. g3 {[%clk 00:05:26]}
{[%emt 00:01:57]} Qg4 {[%clk 00:02:20]} {[%emt 00:00:01]} 27. Rad1 {[%clk
00:04:44]} {[%emt 00:01:13]} Qh3 {[%clk 00:01:13]} {[%emt 00:01:37]} 28. Qxe4
{[%clk 00:04:37]} {[%emt 00:00:37]} Qxh2+ {[%clk 00:01:36]} {[%emt 00:00:07]}
29. Kf1 {[%clk 00:05:06]} {[%emt 00:00:01]} Qh3+ {[%clk 00:01:20]} {[%emt
00:00:46]} 30. Qg2 {[%clk 00:05:25]} {[%emt 00:00:10]} Qg4 {[%clk 00:00:51]}
{[%emt 00:01:00]} 31. b4 {[%clk 00:05:13]} {[%emt 00:00:42]} f5 {[%clk
00:00:33]} {[%emt 00:00:48]} 32. Rd8 {[%clk 00:04:00]} {[%emt 00:01:43]} Kh8
{[%clk 00:00:32]} {[%emt 00:00:30]} 33. Rxf8+ {[%clk 00:02:34]} {[%emt
00:01:56]} Bxf8 {[%clk 00:01:01]} {[%emt 00:00:01]} 34. Re1 {[%clk 00:02:06]}
{[%emt 00:00:59]} Qc4+ {[%clk 00:00:38]} {[%emt 00:00:53]} 35. Kg1 {[%clk
00:02:19]} {[%emt 00:00:16]} f4 {[%clk 00:00:41]} {[%emt 00:00:27]} 36. Qe4
{[%clk 00:02:18]} {[%emt 00:00:31]} Qf7 {[%clk 00:00:32]} {[%emt 00:00:39]} 37.
Qxf4 {[%clk 00:02:18]} {[%emt 00:00:30]} Rf5 {[%clk 00:00:46]} {[%emt
00:00:16]} 38. Qd4+ {[%clk 00:02:24]} {[%emt 00:00:23]} Bg7 {[%clk 00:01:03]}
{[%emt 00:00:14]} 39. Qd8+ {[%clk 00:02:20]} {[%emt 00:00:35]} Bf8 {[%clk
00:01:23]} {[%emt 00:00:09]} 40. Qd4+ {[%clk 00:01:31]} {[%emt 00:01:19]} Bg7
{[%clk 00:00:50]} {[%emt 00:01:03]} 41. Qe3 {[%clk 00:00:56]} {[%emt 00:01:04]}
1-0

[Event "DVM U20 2023"]
[Site "Magdeburg GER"]
[Date "2023.12.29"]
[Round "5"]
[White "Dornieden, Jonas"]
[Black "Suvorov, Luca"]
[Result "0-1"]
[Termination "normal"]
[Board "1.2"]
[BlackTitle "FM"]
[WhiteElo "2036"]
[BlackElo "2333"]
[WhiteClock "00:09:51"]
[BlackClock "00:23:09"]
[WhiteTeam "SK Lehrte 1919"]
[BlackTeam "SG Porz"]
[PlyCount "87"]
[WhiteFideId "1336460"]
[BlackFideId "12977071"]
[EventCountry "GER"]
[EventRounds "7"]
[EventType "team-swiss"]
[EventDate "2023.12.26"]

1. e4 {[%clk 01:30:56]} {[%emt 00:00:04]} e5 {[%clk 01:30:47]} {[%emt
00:00:13]} 2. Nf3 {[%clk 01:31:17]} {[%emt 00:00:10]} Nc6 {[%clk 01:31:03]}
{[%emt 00:00:14]} 3. Bc4 {[%clk 01:31:36]} {[%emt 00:00:10]} Nf6 {[%clk
01:31:22]} {[%emt 00:00:11]} 4. d3 {[%clk 01:31:51]} {[%emt 00:00:16]} h6
{[%clk 01:31:32]} {[%emt 00:00:20]} 5. Nc3 {[%clk 01:30:55]} {[%emt 00:01:25]}
d6 {[%clk 01:29:20]} {[%emt 00:02:43]} 6. a3 {[%clk 01:22:49]} {[%emt
00:08:37]} g6 {[%clk 01:27:53]} {[%emt 00:01:56]} 7. O-O {[%clk 01:19:41]}
{[%emt 00:03:38]} Bg7 {[%clk 01:27:34]} {[%emt 00:00:49]} 8. b4 {[%clk
01:12:29]} {[%emt 00:07:41]} a6 {[%clk 01:22:12]} {[%emt 00:05:52]} 9. Nd5
{[%clk 01:05:37]} {[%emt 00:07:22]} O-O {[%clk 01:16:35]} {[%emt 00:06:05]} 10.
Rb1 {[%clk 01:00:24]} {[%emt 00:05:46]} Nxd5 {[%clk 00:58:45]} {[%emt
00:18:22]} 11. Bxd5 {[%clk 00:59:05]} {[%emt 00:01:48]} g5 {[%clk 00:57:42]}
{[%emt 00:01:34]} 12. Ne1 {[%clk 00:55:24]} {[%emt 00:04:10]} Ne7 {[%clk
00:43:43]} {[%emt 00:14:28]} 13. Bb3 {[%clk 00:49:51]} {[%emt 00:06:03]} Ng6
{[%clk 00:32:18]} {[%emt 00:11:55]} 14. g4 {[%clk 00:41:19]} {[%emt 00:09:03]}
h5 {[%clk 00:25:43]} {[%emt 00:07:06]} 15. h3 {[%clk 00:36:21]} {[%emt
00:05:28]} Nf4 {[%clk 00:24:32]} {[%emt 00:01:40]} 16. Bxf4 {[%clk 00:31:24]}
{[%emt 00:05:27]} exf4 {[%clk 00:24:14]} {[%emt 00:00:47]} 17. d4 {[%clk
00:29:05]} {[%emt 00:02:50]} Qf6 {[%clk 00:19:32]} {[%emt 00:05:12]} 18. c3
{[%clk 00:27:26]} {[%emt 00:02:10]} a5 {[%clk 00:14:37]} {[%emt 00:05:25]} 19.
f3 {[%clk 00:23:04]} {[%emt 00:04:52]} axb4 {[%clk 00:06:55]} {[%emt 00:08:12]}
20. axb4 {[%clk 00:23:27]} {[%emt 00:00:06]} Be6 {[%clk 00:06:46]} {[%emt
00:00:39]} 21. Rf2 {[%clk 00:17:09]} {[%emt 00:06:49]} Ra3 {[%clk 00:05:13]}
{[%emt 00:02:02]} 22. Rfb2 {[%clk 00:16:36]} {[%emt 00:01:04]} Rfa8 {[%clk
00:04:17]} {[%emt 00:01:25]} 23. Nc2 {[%clk 00:14:36]} {[%emt 00:02:31]} Bxb3
{[%clk 00:03:50]} {[%emt 00:00:57]} 24. Rxb3 {[%clk 00:15:02]} {[%emt
00:00:04]} Ra2 {[%clk 00:02:03]} {[%emt 00:02:16]} 25. R3b2 {[%clk 00:14:21]}
{[%emt 00:01:12]} Rxb2 {[%clk 00:01:48]} {[%emt 00:00:46]} 26. Rxb2 {[%clk
00:14:49]} {[%emt 00:00:01]} Qh6 {[%clk 00:01:35]} {[%emt 00:00:43]} 27. Qe2
{[%clk 00:09:15]} {[%emt 00:06:05]} c6 {[%clk 00:00:43]} {[%emt 00:01:21]} 28.
Qg2 {[%clk 00:04:58]} {[%emt 00:04:47]} b6 {[%clk 00:00:33]} {[%emt 00:00:39]}
29. Kf1 {[%clk 00:02:02]} {[%emt 00:03:26]} c5 {[%clk 00:00:42]} {[%emt
00:00:20]} 30. Kg1 {[%clk 00:00:48]} {[%emt 00:01:44]} Kf8 {[%clk 00:00:33]}
{[%emt 00:00:40]} 31. Qf2 {[%clk 00:00:49]} {[%emt 00:00:30]} hxg4 {[%clk
00:00:52]} {[%emt 00:00:11]} 32. hxg4 {[%clk 00:01:07]} {[%emt 00:00:13]} cxd4
{[%clk 00:00:53]} {[%emt 00:00:29]} 33. cxd4 {[%clk 00:01:09]} {[%emt
00:00:27]} Qe6 {[%clk 00:01:16]} {[%emt 00:00:05]} 34. Qf1 {[%clk 00:00:53]}
{[%emt 00:00:47]} d5 {[%clk 00:00:44]} {[%emt 00:01:03]} 35. Qd3 {[%clk
00:00:36]} {[%emt 00:00:47]} Re8 {[%clk 00:00:34]} {[%emt 00:00:40]} 36. e5
{[%clk 00:00:32]} {[%emt 00:00:34]} Qh6 {[%clk 00:01:02]} {[%emt 00:00:01]} 37.
Ne1 {[%clk 00:00:32]} {[%emt 00:00:30]} Ra8 {[%clk 00:01:18]} {[%emt 00:00:13]}
38. Qc2 {[%clk 00:00:39]} {[%emt 00:00:24]} Qh4 {[%clk 00:00:34]} {[%emt
00:01:14]} 39. Ng2 {[%clk 00:00:33]} {[%emt 00:00:37]} Qg3 {[%clk 00:00:48]}
{[%emt 00:00:14]} 40. Ra2 {[%clk 00:00:39]} {[%emt 00:00:24]} Re8 {[%clk
00:00:32]} {[%emt 00:00:46]} 41. Ra7 {[%clk 00:20:11]} {[%emt 00:10:57]} Kg8
{[%clk 00:24:56]} {[%emt 00:06:08]} 42. Qf5 {[%clk 00:13:21]} {[%emt 00:07:19]}
Rf8 {[%clk 00:25:14]} {[%emt 00:00:13]} 43. Ra3 {[%clk 00:12:06]} {[%emt
00:01:45]} Qh3 {[%clk 00:23:09]} {[%emt 00:02:35]} 44. Qxg5 {[%clk 00:09:51]}
{[%emt 00:02:45]} *

[Event "DVM U20 2023"]
[Site "Magdeburg GER"]
[Date "2023.12.29"]
[Round "5"]
[White "Gallasch, Jonas"]
[Black "Kieselbach, Marvin"]
[Result "1/2-1/2"]
[Termination "normal"]
[Board "1.3"]
[WhiteTitle "FM"]
[WhiteElo "2304"]
[BlackElo "1970"]
[WhiteClock "00:00:35"]
[BlackClock "00:07:34"]
[WhiteTeam "SG Porz"]
[BlackTeam "SK Lehrte 1919"]
[PlyCount "61"]
[WhiteFideId "16222474"]
[BlackFideId "16235770"]
[EventCountry "GER"]
[EventRounds "7"]
[EventType "team-swiss"]
[EventDate "2023.12.26"]

1. d4 {[%clk 01:30:58]} {[%emt 00:00:02]} d5 {[%clk 01:30:52]} {[%emt
00:00:09]} 2. c4 {[%clk 01:31:22]} {[%emt 00:00:06]} e6 {[%clk 01:31:16]}
{[%emt 00:00:05]} 3. Nc3 {[%clk 01:31:48]} {[%emt 00:00:04]} Nf6 {[%clk
01:31:41]} {[%emt 00:00:06]} 4. cxd5 {[%clk 01:32:13]} {[%emt 00:00:04]} exd5
{[%clk 01:32:01]} {[%emt 00:00:10]} 5. Bg5 {[%clk 01:32:33]} {[%emt 00:00:10]}
Be7 {[%clk 01:32:17]} {[%emt 00:00:14]} 6. e3 {[%clk 01:32:57]} {[%emt
00:00:07]} O-O {[%clk 01:32:26]} {[%emt 00:00:21]} 7. Bd3 {[%clk 01:32:50]}
{[%emt 00:00:37]} h6 {[%clk 01:32:34]} {[%emt 00:00:21]} 8. Bh4 {[%clk
01:32:24]} {[%emt 00:00:57]} Re8 {[%clk 01:32:29]} {[%emt 00:00:34]} 9. Nge2
{[%clk 01:30:57]} {[%emt 00:01:57]} c6 {[%clk 01:32:34]} {[%emt 00:00:26]} 10.
f3 {[%clk 01:25:27]} {[%emt 00:05:59]} b5 {[%clk 01:31:45]} {[%emt 00:01:19]}
11. O-O {[%clk 01:22:34]} {[%emt 00:03:24]} Nbd7 {[%clk 01:27:57]} {[%emt
00:04:18]} 12. Bf2 {[%clk 01:06:38]} {[%emt 00:16:25]} Nb6 {[%clk 01:23:31]}
{[%emt 00:04:56]} 13. Qc2 {[%clk 00:56:31]} {[%emt 00:10:37]} a5 {[%clk
01:17:04]} {[%emt 00:06:57]} 14. a4 {[%clk 00:53:43]} {[%emt 00:03:18]} b4
{[%clk 01:14:23]} {[%emt 00:03:13]} 15. Nb1 {[%clk 00:54:03]} {[%emt 00:00:10]}
Qc7 {[%clk 00:58:18]} {[%emt 00:16:34]} 16. Rc1 {[%clk 00:50:57]} {[%emt
00:03:37]} Bb7 {[%clk 00:46:30]} {[%emt 00:12:18]} 17. Nd2 {[%clk 00:49:53]}
{[%emt 00:01:33]} Bd6 {[%clk 00:43:51]} {[%emt 00:03:10]} 18. h3 {[%clk
00:43:18]} {[%emt 00:07:04]} Rad8 {[%clk 00:37:32]} {[%emt 00:06:48]} 19. Nb3
{[%clk 00:39:42]} {[%emt 00:04:07]} Nbd7 {[%clk 00:36:56]} {[%emt 00:01:06]}
20. e4 {[%clk 00:18:03]} {[%emt 00:22:10]} dxe4 {[%clk 00:37:13]} {[%emt
00:00:13]} 21. fxe4 {[%clk 00:16:03]} {[%emt 00:02:29]} Bh2+ {[%clk 00:29:59]}
{[%emt 00:07:43]} 22. Kh1 {[%clk 00:16:08]} {[%emt 00:00:26]} c5 {[%clk
00:24:13]} {[%emt 00:06:16]} 23. Nxc5 {[%clk 00:03:11]} {[%emt 00:13:27]} Nxc5
24. Qxc5 {[%clk 00:03:40]} Qxc5 {[%clk 00:24:15]} {[%emt 00:00:48]} 25. Rxc5
{[%clk 00:04:04]} {[%emt 00:00:05]} Nxe4 {[%clk 00:24:26]} {[%emt 00:00:20]}
26. Bxe4 {[%clk 00:04:16]} {[%emt 00:00:18]} Rxe4 {[%clk 00:24:40]} {[%emt
00:00:16]} 27. Ng1 {[%clk 00:01:05]} {[%emt 00:03:41]} Bxg1 {[%clk 00:16:58]}
{[%emt 00:08:11]} 28. Kxg1 {[%clk 00:01:34]} {[%emt 00:00:02]} Re2 {[%clk
00:13:15]} {[%emt 00:04:12]} 29. Rxa5 {[%clk 00:00:40]} {[%emt 00:01:25]} Rxb2
{[%clk 00:11:24]} {[%emt 00:02:21]} 30. d5 {[%clk 00:00:55]} {[%emt 00:00:14]}
Rxd5 {[%clk 00:07:34]} {[%emt 00:04:20]} 31. Rxd5 {[%clk 00:00:35]} {[%emt
00:00:50]} 1/2-1/2

[Event "DVM U20 2023"]
[Site "Magdeburg GER"]
[Date "2023.12.29"]
[Round "5"]
[White "Kieselbach, Jannik"]
[Black "Gluma, Christian"]
[Result "0-1"]
[Termination "normal"]
[Board "1.4"]
[WhiteElo "1914"]
[BlackElo "2245"]
[WhiteClock "00:04:07"]
[BlackClock "00:16:35"]
[WhiteTeam "SK Lehrte 1919"]
[BlackTeam "SG Porz"]
[PlyCount "94"]
[WhiteFideId "16246403"]
[BlackFideId "16223209"]
[EventCountry "GER"]
[EventRounds "7"]
[EventType "team-swiss"]
[EventDate "2023.12.26"]

1. e4 {[%clk 01:30:39]} {[%emt 00:00:21]} g6 {[%clk 01:30:55]} {[%emt
00:00:05]} 2. d4 {[%clk 01:30:28]} {[%emt 00:00:41]} Bg7 {[%clk 01:31:18]}
{[%emt 00:00:06]} 3. Nc3 {[%clk 01:30:49]} {[%emt 00:00:10]} c6 {[%clk
01:31:42]} {[%emt 00:00:05]} 4. f4 {[%clk 01:30:37]} {[%emt 00:00:43]} d5
{[%clk 01:32:05]} {[%emt 00:00:06]} 5. e5 {[%clk 01:30:33]} {[%emt 00:00:34]}
f6 {[%clk 01:32:10]} {[%emt 00:00:25]} 6. Nf3 {[%clk 01:30:20]} {[%emt
00:00:42]} Nh6 {[%clk 01:31:27]} {[%emt 00:01:14]} 7. Be3 {[%clk 01:26:44]}
{[%emt 00:04:05]} Bg4 {[%clk 01:30:36]} {[%emt 00:01:22]} 8. Be2 {[%clk
01:23:13]} {[%emt 00:04:01]} O-O {[%clk 01:28:14]} {[%emt 00:02:52]} 9. Qd2
{[%clk 01:17:56]} {[%emt 00:05:45]} b5 {[%clk 01:21:34]} {[%emt 00:07:12]} 10.
h3 {[%clk 01:14:56]} {[%emt 00:03:30]} Bxf3 {[%clk 01:20:19]} {[%emt 00:01:45]}
11. Bxf3 {[%clk 01:15:08]} {[%emt 00:00:17]} Nf5 {[%clk 01:13:06]} {[%emt
00:07:44]} 12. g4 {[%clk 01:08:24]} {[%emt 00:07:14]} Nxe3 {[%clk 01:08:11]}
{[%emt 00:05:24]} 13. Qxe3 {[%clk 01:08:43]} {[%emt 00:00:11]} fxe5 {[%clk
01:06:59]} {[%emt 00:01:42]} 14. fxe5 {[%clk 01:08:48]} {[%emt 00:00:25]} e6
{[%clk 01:00:29]} {[%emt 00:07:00]} 15. h4 {[%clk 01:06:02]} {[%emt 00:03:16]}
c5 16. dxc5 {[%clk 00:40:20]} Nc6 {[%clk 00:34:13]} {[%emt 00:09:59]} 17. O-O-O
{[%clk 00:29:53]} {[%emt 00:10:56]} Nxe5 {[%clk 00:29:57]} {[%emt 00:04:46]}
18. Bg2 {[%clk 00:24:48]} {[%emt 00:05:35]} Qa5 {[%clk 00:23:48]} {[%emt
00:06:40]} 19. Kb1 {[%clk 00:07:48]} {[%emt 00:17:29]} Rae8 {[%clk 00:17:59]}
{[%emt 00:06:19]} 20. Rdf1 {[%clk 00:02:58]} {[%emt 00:05:21]} Nc4 {[%clk
00:11:52]} {[%emt 00:06:37]} 21. Rxf8+ {[%clk 00:03:07]} {[%emt 00:00:20]} Bxf8
{[%clk 00:12:14]} {[%emt 00:00:08]} 22. Qe2 {[%clk 00:01:18]} {[%emt 00:02:19]}
Qb4 {[%clk 00:10:45]} {[%emt 00:01:58]} 23. Nd1 {[%clk 00:01:12]} {[%emt
00:00:36]} Bg7 {[%clk 00:09:34]} {[%emt 00:01:42]} 24. c3 {[%clk 00:01:04]}
{[%emt 00:00:37]} Qxc5 {[%clk 00:09:56]} {[%emt 00:00:08]} 25. Re1 {[%clk
00:00:57]} {[%emt 00:00:37]} Nd6 {[%clk 00:06:23]} {[%emt 00:04:03]} 26. Qe3
{[%clk 00:00:48]} {[%emt 00:00:39]} Qxe3 {[%clk 00:04:48]} {[%emt 00:02:05]}
27. Nxe3 {[%clk 00:00:58]} {[%emt 00:00:19]} Kf7 {[%clk 00:04:50]} {[%emt
00:00:30]} 28. Kc2 {[%clk 00:00:59]} {[%emt 00:00:29]} Rc8 {[%clk 00:04:22]}
{[%emt 00:00:57]} 29. Kd3 {[%clk 00:01:12]} {[%emt 00:00:17]} a5 {[%clk
00:04:19]} {[%emt 00:00:34]} 30. a3 {[%clk 00:00:58]} {[%emt 00:00:44]} Rb8
{[%clk 00:03:29]} {[%emt 00:01:19]} 31. Rf1+ {[%clk 00:00:57]} {[%emt
00:00:31]} Ke7 {[%clk 00:03:45]} {[%emt 00:00:14]} 32. Re1 {[%clk 00:01:19]}
{[%emt 00:00:08]} Kd7 {[%clk 00:04:00]} {[%emt 00:00:14]} 33. Ra1 {[%clk
00:01:08]} {[%emt 00:00:42]} Nf7 {[%clk 00:03:31]} {[%emt 00:00:58]} 34. Kc2
{[%clk 00:00:59]} {[%emt 00:00:40]} Ne5 {[%clk 00:03:23]} {[%emt 00:00:38]} 35.
Rf1 {[%clk 00:00:55]} {[%emt 00:00:34]} Rc8 {[%clk 00:03:11]} {[%emt 00:00:41]}
36. Kb3 {[%clk 00:01:11]} {[%emt 00:00:14]} Rb8 {[%clk 00:01:45]} {[%emt
00:01:56]} 37. Rf4 {[%clk 00:01:03]} {[%emt 00:00:38]} Bf8 {[%clk 00:01:41]}
{[%emt 00:00:35]} 38. Kc2 {[%clk 00:00:56]} {[%emt 00:00:37]} Bc5 {[%clk
00:01:51]} {[%emt 00:00:21]} 39. Nf1 {[%clk 00:00:44]} {[%emt 00:00:42]} Ke7
{[%clk 00:01:51]} {[%emt 00:00:30]} 40. g5 {[%clk 00:00:37]} {[%emt 00:00:37]}
Nc4 {[%clk 00:01:22]} {[%emt 00:00:59]} 41. Bh3 {[%clk 00:28:47]} {[%emt
00:02:21]} Rb6 {[%clk 00:29:58]} {[%emt 00:01:53]} 42. h5 {[%clk 00:16:37]}
{[%emt 00:12:41]} e5 {[%clk 00:28:24]} {[%emt 00:02:04]} 43. Rf3 {[%clk
00:12:20]} {[%emt 00:04:47]} e4 {[%clk 00:25:59]} {[%emt 00:02:56]} 44. Rg3
{[%clk 00:06:29]} {[%emt 00:06:21]} Bd6 {[%clk 00:23:24]} {[%emt 00:03:05]} 45.
Rg2 {[%clk 00:06:28]} {[%emt 00:00:31]} Rb8 {[%clk 00:20:42]} {[%emt 00:03:13]}
46. b3 {[%clk 00:04:20]} {[%emt 00:02:37]} Nxa3+ {[%clk 00:18:47]} {[%emt
00:02:25]} 47. Kd1 {[%clk 00:04:07]} {[%emt 00:00:42]} Bc5 {[%clk 00:16:35]}
{[%emt 00:02:42]} *

[Event "DVM U20 2023"]
[Site "Magdeburg GER"]
[Date "2023.12.29"]
[Round "5"]
[White "Mohammadi Nia, Borna"]
[Black "Ahlbrecht, Malte"]
[Result "1-0"]
[Termination "normal"]
[Board "1.5"]
[WhiteElo "2170"]
[BlackElo "1727"]
[WhiteClock "00:27:37"]
[BlackClock "00:00:37"]
[WhiteTeam "SG Porz"]
[BlackTeam "SK Lehrte 1919"]
[PlyCount "47"]
[WhiteFideId "16207319"]
[BlackFideId "34620001"]
[EventCountry "GER"]
[EventRounds "7"]
[EventType "team-swiss"]
[EventDate "2023.12.26"]

1. e4 {[%clk 01:30:57]} {[%emt 00:00:02]} c5 {[%clk 01:15:17]} {[%emt
00:01:01]} 2. Nf3 {[%clk 01:31:18]} {[%emt 00:00:07]} Nc6 {[%clk 01:15:43]} 3.
Bb5 {[%clk 01:31:45]} {[%emt 00:00:07]} e6 {[%clk 01:16:08]} {[%emt 00:00:06]}
4. Bxc6 {[%clk 01:31:28]} {[%emt 00:00:46]} bxc6 {[%clk 01:16:32]} {[%emt
00:00:06]} 5. O-O {[%clk 01:31:48]} {[%emt 00:00:10]} d5 {[%clk 01:16:42]}
{[%emt 00:00:20]} 6. e5 {[%clk 01:31:58]} {[%emt 00:00:20]} Nh6 {[%clk
01:16:25]} {[%emt 00:00:48]} 7. Re1 {[%clk 01:30:57]} {[%emt 00:01:30]} Be7
{[%clk 01:16:27]} {[%emt 00:00:29]} 8. b3 {[%clk 01:31:05]} {[%emt 00:00:22]}
O-O {[%clk 01:16:43]} {[%emt 00:00:14]} 9. Nc3 {[%clk 01:31:10]} {[%emt
00:00:23]} Qc7 {[%clk 01:15:50]} {[%emt 00:01:25]} 10. Na4 {[%clk 01:28:14]}
{[%emt 00:03:25]} Ba6 {[%clk 01:15:46]} {[%emt 00:00:34]} 11. d4 {[%clk
01:22:26]} {[%emt 00:06:18]} cxd4 {[%clk 01:12:57]} {[%emt 00:03:19]} 12. Bxh6
gxh6 {[%clk 01:13:26]} 13. Qxd4 {[%clk 01:15:59]} {[%emt 00:00:32]} Kh8 {[%clk
01:09:15]} {[%emt 00:04:41]} 14. Nc5 {[%clk 01:13:09]} {[%emt 00:03:20]} Bxc5
{[%clk 00:57:20]} {[%emt 00:12:26]} 15. Qxc5 {[%clk 01:13:19]} {[%emt
00:00:19]} Rg8 {[%clk 00:56:41]} {[%emt 00:01:09]} 16. Nd4 {[%clk 01:08:39]}
{[%emt 00:05:10]} Bb7 {[%clk 00:54:57]} {[%emt 00:02:16]} 17. b4 {[%clk
01:05:54]} {[%emt 00:03:14]} Qb6 {[%clk 00:42:52]} {[%emt 00:12:35]} 18. Nb3
{[%clk 00:52:58]} {[%emt 00:13:24]} Rg4 {[%clk 00:37:51]} {[%emt 00:05:31]} 19.
Qe7 {[%clk 00:34:14]} {[%emt 00:19:13]} Qxb4 {[%clk 00:09:33]} {[%emt
00:28:49]} 20. Nc5 {[%clk 00:31:12]} {[%emt 00:04:29]} Rag8 {[%clk 00:09:58]}
{[%emt 00:00:08]} 21. g3 {[%clk 00:29:42]} {[%emt 00:02:01]} Rc4 {[%clk
00:00:37]} {[%emt 00:09:51]} 22. Qf6+ Rg7 {[%clk 00:00:37]} 23. Rab1 {[%clk
00:27:37]} Qxc5 {[%clk 00:00:37]} 24. Rxb7 {[%clk 00:27:37]} 1-0